Normal view MARC view

Entry Personal Name

Number of records used in: 1

001 - CONTROL NUMBER

  • control field: 33066

003 - CONTROL NUMBER IDENTIFIER

  • control field: OSt

005 - DATE AND TIME OF LATEST TRANSACTION

  • control field: 20211105135552.0

008 - FIXED-LENGTH DATA ELEMENTS

  • fixed length control field: 211105|| aca||aabn | a|a d

040 ## - CATALOGING SOURCE

  • Original cataloging agency: OSt
  • Transcribing agency: OSt

100 ## - HEADING--PERSONAL NAME

  • Personal name: Soonthornthum, B., ed

670 ## - SOURCE DATA FOUND

  • Source citation: Work cat.: (OSt): The Eighth Pacific Rin Conference on Stellar Astrophysics: A Tribute To Kam Ching Leung Merlin Beach Hotel, Phuket 2009 May 5-9 33064, Stellar Astrophysics, 2009

Powered by Koha